| 000 | 00508nam a2200205Ia 4500 | ||
|---|---|---|---|
| 003 | OSt | ||
| 005 | 20140313082944.0 | ||
| 008 | 140130s9999 xx 000 0 und d | ||
| 020 | _a0439217377 | ||
| 050 |
_aPZ 7 _b.T8575Am 2001 |
||
| 100 | _aTurner, Priscilla | ||
| 245 |
_aAmong the odds and evens / _cPriscilla Turner. |
||
| 260 |
_bScholastic, _c2001. _aNew York : |
||
| 300 |
_a30 p. : _bcol. ill. ; _c28 cm. |
||
| 440 | _v1 | ||
| 521 | _aG3 | ||
| 526 | _c560 | ||
| 942 |
_cBK _2lcc |
||
| 999 |
_c40642 _d40642 |
||